LEADER 01499nam2-2200445---450- 001 990003677210203316 005 20130430110807.0 010 $a978-2-9600717-8-8 035 $a000367721 035 $aUSA01000367721 035 $a(ALEPH)000367721USA01 035 $a000367721 100 $a20120711d2011----km-y0itay50------ba 101 0 $aeng 102 $aBE 105 $aa|||z|||001yy 200 1 $a<<25:>> Mixanthrôpoi$eaniaml-human hybrid deities in Greek religion$fEmma Aston 210 $aLiège$cCentre international d'étude de la religion grecque antique$d2011 215 $a383 p.$cill.$d24 cm 461 0$1001000583659$12001$aKernos. Supplement 606 0 $aMitologia greca$2BNCF 676 $a292.13 700 1$aASTON,$bEmma$0612630 801 0$aIT$bsalbc$gISBD 912 $a990003677210203316 951 $aV.1.B. 1051$b237238 L.M.$cV.1.$d00312328 959 $aBK 969 $aUMA 979 $aANNAMARIA$b90$c20120711$lUSA01$h0920 979 $aANNAMARIA$b90$c20120711$lUSA01$h0923 979 $aVITTORIANA$b90$c20130430$lUSA01$h1032 979 $aVITTORIANA$b90$c20130430$lUSA01$h1032 979 $aVITTORIANA$b90$c20130430$lUSA01$h1039 979 $aVITTORIANA$b90$c20130430$lUSA01$h1041 979 $aVITTORIANA$b90$c20130430$lUSA01$h1041 979 $aVITTORIANA$b90$c20130430$lUSA01$h1042 979 $aVITTORIANA$b90$c20130430$lUSA01$h1043 979 $aMUSELLA$b90$c20130430$lUSA01$h1108 996 $aMixanthrôpoi$91141051 997 $aUNISA